Estadísticas para Plantel de Colo Colo

Haz click aquí para intentar la prueba.

Estadísticas generales

  • Esta prueba ha sido intentada 11 veces
    (10 desde el último reinicio)
  • La puntuación promedio es 29 de 31

Estadísticas de respuestas

NúmeroPosiciónRespuesta% Correcto
#4🇺🇾DFCAlan Saldivia
100%
#23🇨🇱MCArturo Vidal
100%
#1🇨🇱PTBrayan Cortés
100%
#13🇨🇱DFD/DFCBruno Gutiérrez
100%
#18🇨🇱MCBryan Soto
100%
#6🇨🇱MCDCésar Fuentes
100%
#14🇨🇱EDCristián Zavala
100%
#9🇨🇱DCDamián Pizarro
100%
#3🇨🇱DFC/DFIDaniel Gutiérrez
100%
#15🇦🇷DFCEmiliano Amor
100%
#8🇨🇱MC/MCDEsteban Pavez
100%
#30🇨🇱🇦🇷PTFernando de Paul
100%
#29🇵🇾DCGuillermo Paiva
100%
#22🇨🇱🇦🇷DCLeandro Benegas
100%
#5🇨🇱🇦🇷MC/MCD/MCOLeonardo Gil
100%
#28🇨🇱MCLucas Soto
100%
#11🇨🇱ED/DCMarcos Bolados
100%
#37🇺🇾DFCMaximiliano Falcón
100%
#16🇨🇱DFDÓscar Opazo
100%
#34🇨🇱MCD/MCVicente Pizarro
100%
#7🇨🇱MCO/EICarlos Palacios
83%
#19🇵🇾DCDarío Lezcano
83%
#21🇨🇱DFI/DFCErick Wiemberg
83%
#2🇨🇱DFDJeyson Rojas
83%
#32🇨🇱EILucas Cepeda
83%
#26🇨🇱🇦🇷EIMatías Moya
83%
#10🇨🇱MCO/EDPablo Parra
83%
#33🇨🇱🇦🇷DFCRamiro González
83%
#20🇨🇱ED/EIAlexander Oroz
67%
#45🇨🇱EILeandro Hernández
67%
#38🇨🇱MCDylan Portilla
50%

Distribución de puntuación

Porcentaje por número respondido

Porcentaje de gente con cada puntuación

Historial de tus puntuaciones

No has intentado esta prueba desde el último reinicio